Statistics for All Cities in the Americas with Population of 1 Million

Click here to take the quiz!

General Stats

  • This quiz has been taken 196 times
    (179 since last reset)
  • The average score is 88 of 131

Answers on the Map

Answers color-coded by a green-red scale on the quiz's map according to % correct below.
 

Answer Stats

PopulationCity% Correct
9.80 milChicago
99%
17.70 milLos Angeles
99%
6.20 milMiami
99%
22.20 milNew York City
99%
7.55 milBoston
98%
22.30 milMexico City
98%
4.18 milSeattle
98%
7.20 milToronto
98%
2.23 milHavana
97%
4.13 milMontréal
97%
7.35 milPhiladelphia
97%
6.75 milDallas
96%
6.35 milHouston
96%
3.30 milSan Diego
96%
7.70 milSan Francisco
96%
16.00 milBuenos Aires
95%
5.70 milDetroit
95%
10.10 milLima
95%
12.70 milRio de Janeiro
95%
7.15 milSantiago
95%
2.53 milVancouver
95%
3.60 milDenver
94%
21.90 milSão Paulo
94%
8.40 milWashington
94%
5.60 milAtlanta
93%
9.50 milBogotá
93%
3.73 milCaracas
93%
2.15 milLas Vegas
93%
3.18 milOrlando
93%
4.40 milPhoenix
93%
2.90 milPort-au-Prince
93%
1.01 milNew Orleans
92%
1.86 milSan José
91%
3.08 milMinneapolis
90%
2.60 milQuito
90%
5.05 milGuadalajara
89%
1.19 milOttawa
89%
1.49 milPanama City
89%
3.05 milGuatemala City
88%
1.94 milLa Paz
88%
3.75 milSanto Domingo
88%
3.90 milBrasília
87%
1.84 milMontevideo
87%
2.33 milPortland
87%
2.25 milAsunción
86%
1.32 milEdmonton
86%
2.03 milSacramento
84%
2.08 milSan Antonio
84%
4.15 milTampa
84%
1.79 milAustin
83%
3.08 milCleveland
83%
1.02 milEl Paso
83%
4.75 milMonterrey
83%
2.33 milSalt Lake City
83%
2.38 milSt. Louis
82%
1.90 milTijuana
82%
1.46 milCalgary
79%
2.75 milCincinnati
79%
1.94 milIndianapolis
79%
1.36 milJacksonville
79%
1.94 milKansas City
79%
3.85 milMedellín
79%
2.10 milSan Juan
78%
1.83 milSan Salvador
78%
1.55 milMilwaukee
77%
2.08 milPittsburgh
77%
2.13 milManaus
76%
1.39 milNashville
76%
3.68 milSalvador
76%
1.15 milMemphis
75%
1.11 milTegucigalpa
75%
1.01 milHonolulu
74%
3.78 milRecife
74%
1.11 milOklahoma City
73%
1.30 milManagua
72%
4.95 milBelo Horizonte
71%
2.33 milCharlotte
71%
2.98 milCali
70%
1.35 milBuffalo
69%
4.08 milPorto Alegre
69%
1.68 milColumbus
68%
3.63 milFortaleza
67%
3.03 milGuayaquil
66%
1.54 milRaleigh
65%
2.15 milBelém
61%
3.03 milPuebla
60%
1.61 milVirginia Beach
60%
3.33 milCuritiba
59%
1.04 milRichmond
59%
1.63 milCórdoba
58%
1.04 milLouisville
56%
2.03 milBarranquilla
54%
1.45 milCiudad Juárez
54%
2.53 milMaracaibo
50%
1.92 milSanta Cruz
47%
1.35 milRosario
45%
1.69 milHartford
41%
1.09 milMérida
41%
3.08 milCampinas
40%
1.09 milCartagena
40%
1.01 milValparaíso
40%
1.10 milGreensboro
38%
1.32 milHarrisburg
38%
1.07 milMendoza
38%
1.02 milMexicali
38%
1.83 milLeón
37%
1.42 milSão Luís
37%
1.27 milMcAllen
35%
1.21 milStockton
34%
1.96 milValencia
34%
1.39 milNatal
31%
2.28 milGoiânia
30%
1.14 milSan Pedro Sula
30%
1.01 milCape Coral
26%
1.70 milSantos
26%
2.20 milToluca
24%
1.24 milCochabamba
22%
1.09 milAguascalientes
21%
1.17 milSan Luis Potosí
21%
1.82 milVitória
21%
1.00 milConcepción
20%
1.14 milBucaramanga
19%
1.31 milTorreón
19%
1.12 milMaceió
18%
1.39 milMaracay
18%
1.12 milJoão Pessoa
17%
1.02 milTeresina
17%
1.13 milMelbourne
15%
1.27 milBarquisimeto
14%
1.32 milQuerétaro
13%
1.01 milCuernavaca
12%

Score Distribution

Percentile by Number Answered

Percent of People with Each Score

Your Score History

You have not taken this quiz since the last reset